000 00640nam a2200265Ia 4500
005 20260306163442.0
008 008 260114s9999 xx 000 0 eng d
020 _a9780804793117
037 _aEBOOK
040 _aCRL
040 _beng
040 _cCRL
041 _2eng
041 _aeng
084 _qCRL
100 _aVan De Ven, Lary, Mackinnon
_91128657
245 0 _aNegotiating China's Destiny In World War Ii
260 _bStanford University Press
260 _c2015
650 _aHistory
856 _uhttps://academic.oup.com/book/29621
942 _cEBOOK
999 _c1710157
_d1710157